000 00698nam a2200193 4500
999 _c189051
_d189051
005 20220610152154.0
010 _aENG-133222
020 _a9789386515452
_c2750.00
035 _aEN-116754
037 _bDBAD/PUB
082 _a346.5406642
100 _aIyer, L V V
245 _aGuide to Company Directors:
_bPowers, Rights, Duties, Liabilities, Corporate Social Responsibilities and company Precedents/
_cL V V Iyer
250 _a5th Edition
260 _aGurgaon
_bLexisNexis
_c2018
270 _a14th Floor, Building No. 10, Tower-B, DLF Cyber City, Phase-II
_bGurgaon
_e122002
_mhelp.in@lexisnexis.com
300 _a1370p.
_c25cm(hbk)
942 _2ddc
_cEN
_h346.5406642
_mIYE